MLB Opening Day Pitchers - 2026 - Statistics

General Stats
  • This quiz has been taken 45 times
  • The average score is 18 of 30
Answer Stats
Team Pitcher % Correct
Pirates Paul Skenes
100%
Mets Freddy Peralta
95%
Giants Logan Webb
95%
Yankees Max Fried
95%
Red Sox Garrett Crochet
78%
Tigers Tarik Skubal
78%
Phillies Cristopher Sanchez
73%
Astros Hunter Brown
73%
Braves Chris Sale
70%
Diamondbacks Zac Gallen
70%
Royals Cole Ragans
68%
Twins Joe Ryan
68%
Blue Jays Kevin Gausman
65%
Rangers Nathan Eovaldi
62%
Angels Jose Soriano
57%
Reds Andrew Abbott
54%
A's Luis Severino
54%
Cubs Matthew Boyd
51%
Marlins Sandy Alcantara
51%
Padres Nick Pivetta
49%
Orioles Trevor Rogers
49%
Nationals Cade Cavalli
46%
Rockies Kyle Freeland
43%
Rays Drew Rasmussen
41%
Brewers Jacob Misiorowski
41%
Guardians Tanner Bibee
32%
Dodgers Yoshinobu Yamamoto
32%
White Sox Shane Smith
30%
Cardinals Matthew Liberatore
27%
Mariners Logan Gilbert
24%
No matching quizzes found
Score Distribution
Percent of People with Each Score
Percentile by Number Answered
Your Score History
You have not taken this quiz